000 00282nam a2200109 4500
008 160702b xxu||||| |||| 00| 0 eng d
100 _91853
_a Kleiser, G
245 _aCommon Errors in English
260 _aN.D
_b A.P.H.
_c2005
300 _aCommon Errors in English
942 _2ddc
_cBK
999 _c1555
_d1555